Non-places : introduction to an anthropology of supermodernity
Αποθηκεύτηκε σε:
| Κύριος συγγραφέας: | |
|---|---|
| Μορφή: | Βιβλίο |
| Γλώσσα: | English |
| Δημοσίευση: |
London; New York :
Verso,
1995
|
| Θέματα: | |
| Ετικέτες: |
Προσθήκη ετικέτας
Δεν υπάρχουν, Καταχωρήστε ετικέτα πρώτοι!
|
MARC
| LEADER | 00000nam a2200000 i 4500 | ||
|---|---|---|---|
| 001 | 1/10017 | ||
| 008 | 970416s1995 eng d | ||
| 020 | |a 1-85984-051-5 | ||
| 035 | |l 10017696 | ||
| 040 | |a GR-MY-UA |b gre |e aacr | ||
| 041 | 0 | |a eng | |
| 082 | 0 | |a 301.01 |2 (21) | |
| 100 | 1 | |a Augé, Marc. | |
| 245 | 1 | 0 | |a Non-places : |b introduction to an anthropology of supermodernity / |c Marc Auge ; Translated by John Howe |
| 260 | |a London; New York : |b Verso, |c 1995 | ||
| 300 | |a 122 σ. | ||
| 650 | 0 | 0 | |a Ethnology |x Philosophy. |
| 650 | 0 | 0 | |a Space perception. |
| 852 | |a INST |b LESVOS |e 19970416 |h 301.01 AUG |p 005100011487 |q 005100011487 |t BK |y 0 | ||
| 852 | |a INST |b LESVOS |e 19980112 |h 301.01 AUG |p 005100015339 |q 005100015339 |t BK |y 0 | ||
| 909 | |a Λ |b 049543 | ||
| 950 | |a 146/1996-02-06 | ||